| 000 | 01284cam a22003734a 4500 | ||
|---|---|---|---|
| 001 | 13489648 | ||
| 003 | NUST - PNEC | ||
| 005 | 20170116181135.0 | ||
| 008 | 040213s2005 maua b 001 0 eng | ||
| 010 | _a 2004044906 | ||
| 015 |
_aGBA473171 _2bnb |
||
| 016 | 7 |
_a013012254 _2Uk |
|
| 020 | _a0262033275 (alk. paper) | ||
| 035 | _a(OCoLC)ocm54460979 | ||
| 040 |
_aDLC _cLIBRARY _dYDX _dUKM _dIXA _dBAKER _dNLGGC _dDLC |
||
| 042 | _apcc | ||
| 050 | 0 | 0 |
_aTJ211.4 _b.P75 2005 |
| 082 | 0 | 0 | _a629.892 CHO |
| 084 | _2bcl | ||
| 084 | _2bcl | ||
| 084 | _2bcl | ||
| 100 |
_914220 _aChoset, Howie |
||
| 245 | 0 | 0 |
_aPrinciples of robot motion : theory, algorithms, and implementation / _cHowie Choset ... [et al.]. |
| 260 |
_aCambridge, Mass. : _bMIT Press, _cc2005. |
||
| 300 |
_axix, 603 p. : _bill. ; _c24 cm. |
||
| 440 | 0 | _aIntelligent robotics and autonomous agents | |
| 500 | _a"A Bradford book." | ||
| 504 | _aIncludes bibliographical references (p. [565]-596) and index. | ||
| 650 | 0 |
_aRobots _xMotion. _xME |
|
| 700 | 1 | _aChoset, Howie M. | |
| 906 |
_a7 _bcbc _corignew _d1 _eocip _f20 _gy-gencatlg |
||
| 942 |
_2ddc _cBK |
||
| 999 |
_c70180 _d70180 |
||